000 00352nam a2200133Ia 4500
005 20260328101524.0
008 260328s9999||||xx |||||||||||||| ||und||
100 _aCalderón Cockburn, Julio
245 0 _aManual del poblador de pueblos jóvenes /
_cJulio Calderón Cockburn
260 _bDesco
300 _a143 p.
650 _aURBANISMO
942 _cBK
999 _c9706
_d9706